[Event "ASKO Pinse Tournament Group B"]
[Site "Oslo NOR"]
[Date "2000.06.10"]
[EventDate "2000.06.10"]
[Round "2"]
[Result "1/2-1/2"]
[White "Arne Johan Pettersen"]
[Black "Magnus Carlsen"]
[WhiteElo "1344"]
[BlackElo "904"]
[PlyCount "72"]

1. e4 c5 2. Nf3 d6 3. Nc3 Nc6 4. d4 cxd4 5. Nxd4 g6 6. Be2 Bg7
7. Be3 Nf6 8. O-O O-O 9. Qd2 Bd7 10. Nxc6 Bxc6 11. f3 Rc8
12. Rab1 a6 13. Nd5 Nxd5 14. exd5 Bd7 15. Qb4 b5 16. c4 a5
17. Qb3 bxc4 18. Bxc4 a4 19. Qb4 Rb8 20. Qd2 Qc7 21. b3 axb3
22. Bxb3 Rfc8 23. Rbc1 Qd8 24. Bd4 Rxc1 25. Rxc1 Rc8 26. Bxg7
Kxg7 27. Rxc8 Qxc8 28. Qe3 Kf8 29. Kf2 Bf5 30. Qd4 Kg8 31. Qc4
Qb7 32. a4 Qb6+ 33. Kg3 Qe3 34. h3 g5 35. Kh2 Qe5+ 36. Kg1
Qe1+ 1/2-1/2

[Event "ASKO Pinse Tournament Group B"]
[Site "Oslo NOR"]
[Date "2000.06.11"]
[EventDate "2000.06.10"]
[Round "3"]
[Result "1/2-1/2"]
[White "Magnus Carlsen"]
[Black "Asmund Sem-Johansen"]
[WhiteElo "904"]
[BlackElo "1205"]
[PlyCount "63"]

1. e4 e6 2. d4 d5 3. Nc3 Bb4 4. e5 Ne7 5. a3 Ba5 6. b4 Bb6
7. Nf3 a5 8. Bg5 axb4 9. axb4 Rxa1 10. Qxa1 c6 11. Bd3 O-O
12. Qd1 Nd7 13. h4 f6 14. exf6 Nxf6 15. Bxf6 Rxf6 16. Ne5 Nf5
17. Ne2 Qf8 18. c3 Nh6 19. f3 Nf5 20. Qd2 Bc7 21. g4 Ne7
22. g5 Rxf3 23. Nxf3 Qxf3 24. Rf1 Qh5 25. Qe3 Qxh4+ 26. Kd2 g6
27. Kc2 Nf5 28. Bxf5 gxf5 29. Rg1 f4 30. Qf3 Kf7 31. Rh1 Qxg5
32. Rxh7+ 1/2-1/2

[Event "ASKO Pinse Tournament Group B"]
[Site "Oslo NOR"]
[Date "2000.06.12"]
[EventDate "2000.06.10"]
[Round "6"]
[Result "1-0"]
[White "Stian Instefjord"]
[Black "Magnus Carlsen"]
[WhiteElo "1373"]
[BlackElo "904"]
[PlyCount "49"]

1. e4 c5 2. Nf3 d6 3. d4 cxd4 4. Nxd4 Nf6 5. Nc3 g6 6. Be3 Bg7
7. f3 O-O 8. Qd2 Nc6 9. Bc4 Bd7 10. O-O-O Rc8 11. Bb3 Ne5
12. h4 Nc4 13. Bxc4 Rxc4 14. g4 Qa5 15. Nb3 Qc7 16. h5 Rc8
17. hxg6 hxg6 18. Bh6 Bh8 19. Bf8 Rxf8 20. Rxh8+ Kxh8 21. Qh6+
Kg8 22. Rh1 Nh5 23. gxh5 Rxc3 24. hxg6 Rxc2+ 25. Kb1 1-0

[Event "ASKO Pinse Tournament Group B"]
[Site "Oslo NOR"]
[Date "2000.06.12"]
[EventDate "2000.06.10"]
[Round "5"]
[Result "0-1"]
[White "Magnus Carlsen"]
[Black "Pal Brantzeg"]
[WhiteElo "904"]
[BlackElo "1418"]
[PlyCount "104"]

1. e4 e6 2. d4 d5 3. Nc3 Bb4 4. e5 c5 5. a3 Bxc3+ 6. bxc3 Qc7
7. Qg4 f5 8. Qg3 cxd4 9. cxd4 Ne7 10. Bd2 O-O 11. Bd3 b6
12. Nf3 Ba6 13. Bxa6 Nxa6 14. c3 Rac8 15. O-O Qd7 16. Qh3 Qe8
17. Nh4 Qh5 18. f4 Qg4 19. Rf3 Nb8 20. Rg3 Qxh3 21. Rxh3 Nbc6
22. Nf3 h6 23. Kf2 Na5 24. Be1 Kf7 25. Ke2 Ng6 26. g3 Rc4
27. Kd3 Rfc8 28. Rb1 Ra4 29. Bd2 Rxa3 30. Nh4 Ne7 31. Ng2 Nc4
32. Be1 Ra2 33. Ne3 Nxe3 34. Kxe3 Nc6 35. Rc1 Na5 36. Kf3 Nc4
37. g4 Nd2+ 38. Bxd2 Rxd2 39. Ke3 fxg4 40. Rxh6 gxh6 41. Kxd2
Kg6 42. Kd3 Kf5 43. Rf1 h5 44. Kd2 h4 45. Kd3 b5 46. Kd2 Rc4
47. Kd3 a6 48. Rf2 Ra4 49. Ke3 Ra3 50. Kd3 b4 51. Ke3 Rxc3+
52. Kd2 Ra3 0-1

[Event "NOR Championship Group Miniputt"]
[Site "Asker NOR"]
[Date "2000.07.10"]
[EventDate "2000.07.09"]
[Round "3"]
[Result "1/2-1/2"]
[White "Haakon Oksnevad"]
[Black "Magnus Carlsen"]
[WhiteElo "558"]
[BlackElo "904"]
[PlyCount "55"]

1. d4 Nf6 2. Nf3 g6 3. Nc3 d5 4. Bf4 Bg7 5. Nb5 Na6 6. e3 c6
7. Nc3 Nc7 8. g3 O-O 9. Bg2 Bf5 10. O-O Ne4 11. Nxe4 Bxe4
12. Qd2 Ne6 13. Qb4 Bxf3 14. Bxf3 g5 15. Be5 f6 16. Qxb7 fxe5
17. Qxc6 Nc7 18. Bg2 Qd6 19. Qxd6 exd6 20. dxe5 dxe5 21. c4
Rab8 22. cxd5 Rxb2 23. d6 Nb5 24. d7 Rd2 25. Rad1 Rxd1
26. Rxd1 Bf6 27. Rd5 Nc7 28. Rc5 1/2-1/2

[Event "NOR Championship Group Miniputt"]
[Site "Asker NOR"]
[Date "2000.07.12"]
[EventDate "2000.07.09"]
[Round "6"]
[Result "1-0"]
[White "Magnus Carlsen"]
[Black "Johannes Luangtep Kvisla"]
[WhiteElo "904"]
[BlackElo "680"]
[PlyCount "53"]

1. c4 d6 2. d4 Nf6 3. Nc3 g6 4. e4 Bg7 5. Nf3 O-O 6. Be2 c5
7. d5 Nbd7 8. O-O b6 9. Bg5 Bb7 10. a3 h6 11. Be3 Nh7 12. Nd2
f5 13. f3 fxe4 14. fxe4 Rxf1+ 15. Nxf1 Qc7 16. Qd2 g5 17. Ng3
Ndf6 18. Nf5 Rf8 19. Nxg7 Kxg7 20. h4 Kg6 21. Bd3 Ng4 22. e5+
Kh5 23. Bxh7 Nxe5 24. hxg5 Nxc4 25. Qe2+ Kh4 26. Qxc4+ Kg3
27. Ne2# 1-0

[Event "NOR Championship Group Miniputt"]
[Site "Asker NOR"]
[Date "2000.07.13"]
[EventDate "2000.07.09"]
[Round "7"]
[Result "0-1"]
[White "Helge Selle"]
[Black "Magnus Carlsen"]
[WhiteElo "542"]
[BlackElo "904"]
[PlyCount "78"]

1. e4 c5 2. Nf3 d6 3. Bc4 Nf6 4. d3 g6 5. Nc3 Bg7 6. O-O O-O
7. h3 Nc6 8. Be3 a6 9. b3 b5 10. Bd5 Nxd5 11. Nxd5 Bxa1
12. Qxa1 e5 13. Bg5 f6 14. Bh4 Nd4 15. Nxd4 cxd4 16. a3 Be6
17. Nb4 a5 18. Na2 b4 19. axb4 axb4 20. Qb2 Qa5 21. Ra1 Qa3
22. Qxa3 Rxa3 23. f3 Rfa8 24. Bxf6 Rxa2 25. Rxa2 Rxa2 26. Be7
Ra6 27. Kf2 Kf7 28. Bh4 Ra2 29. Ke1 Rxc2 30. Kd1 Rxg2 31. Be1
Bxb3+ 32. Kc1 Rg1 33. Kd2 Ba2 34. h4 b3 35. Kc1 Rg2 36. Kd1 b2
37. Bd2 b1=Q+ 38. Bc1 Bb3+ 39. Ke1 Qxc1# 0-1

[Event "NOR Championship Group Miniputt"]
[Site "Asker NOR"]
[Date "2000.07.14"]
[EventDate "2000.07.09"]
[Round "10"]
[Result "1-0"]
[White "Magnus Carlsen"]
[Black "Audun Brekke Flotten"]
[WhiteElo "904"]
[BlackElo "638"]
[PlyCount "89"]

1. c4 c5 2. Nf3 d6 3. d4 Nc6 4. d5 Nb8 5. Nc3 g6 6. e4 Bg7
7. Be2 Nf6 8. O-O Nbd7 9. Bg5 O-O 10. Nd2 Nb6 11. f4 e5
12. fxe5 dxe5 13. Nf3 Re8 14. Qd2 Bg4 15. Rf2 Qc7 16. Raf1
Nbd7 17. h3 Bxf3 18. Rxf3 Qb6 19. b3 Rac8 20. Qe1 h6 21. Bxf6
Nxf6 22. Qf2 Re7 23. Rxf6 Bxf6 24. Qxf6 Qxf6 25. Rxf6 Kg7
26. Rd6 Rcc7 27. Nb5 Rcd7 28. Rxd7 Rxd7 29. Nxa7 Rd6 30. Nb5
Rf6 31. d6 Kf8 32. Bg4 h5 33. Bc8 b6 34. d7 Ke7 35. Nc3 Kd8
36. Nd5 Rd6 37. Kf2 g5 38. g3 Rg6 39. Ke3 h4 40. g4 Rc6
41. Kd3 b5 42. cxb5 Rh6 43. b6 Rd6 44. b7 Rh6 45. b8=Q 1-0

[Event "Peer Gynt Open"]
[Site "Gausdal NOR"]
[Date "2000.08.02"]
[EventDate "2000.07.31"]
[Round "3"]
[Result "0-1"]
[White "Thor Christenson"]
[Black "Magnus Carlsen"]
[WhiteElo "1431"]
[BlackElo "904"]
[PlyCount "58"]

1. e4 c5 2. Nf3 d6 3. d4 cxd4 4. Nxd4 Nf6 5. Nc3 a6 6. Be2 e6
7. a4 Be7 8. O-O O-O 9. Kh1 b6 10. f4 Bb7 11. Bf3 Qc7 12. Be3
Nbd7 13. Nb3 Nc5 14. Nxc5 bxc5 15. Qe1 d5 16. exd5 exd5
17. Bg1 Rfe8 18. Ne2 Bd6 19. Qd2 d4 20. Qd3 Nd5 21. Qf5 Ne3
22. Bxe3 Rxe3 23. Rae1 Rae8 24. Qg4 Bxf3 25. Rxf3 Rxe2
26. Rxe2 Rxe2 27. h4 Rxc2 28. Rb3 Rf2 29. g3 Qc6+ 0-1

[Event "Peer Gynt Open"]
[Site "Gausdal NOR"]
[Date "2000.08.02"]
[EventDate "2000.07.31"]
[Round "4"]
[Result "0-1"]
[White "Magnus Carlsen"]
[Black "Thomas Bryn"]
[WhiteElo "904"]
[BlackElo "1579"]
[PlyCount "82"]

1. c4 Nf6 2. Nc3 g6 3. g3 Bg7 4. Bg2 O-O 5. e4 d6 6. Nge2 Nc6
7. O-O e5 8. d3 Nh5 9. f4 exf4 10. Nxf4 Nxf4 11. Bxf4 f5
12. Qd2 fxe4 13. Nxe4 Bf5 14. Bg5 Qd7 15. Rae1 Rae8 16. Nc3
Ne5 17. Be4 Bxe4 18. Nxe4 Nf3+ 19. Rxf3 Rxf3 20. Bf4 Rf8
21. Qe2 R3xf4 22. gxf4 Rxf4 23. Qe3 Qg4+ 24. Kh1 Bxb2 25. Nd2
Bd4 26. Qe8+ Rf8 27. Qe7 Rf7 28. Qd8+ Kg7 29. Qe8 Qf4 30. Rf1
Bf2 31. Qe2 Qe3 32. Qxe3 Bxe3 33. Rxf7+ Kxf7 34. Nf3 Kf6
35. Kg2 g5 36. Kg3 Kf5 37. h3 h5 38. a4 h4+ 39. Kg2 Kf4
40. Nh2 c6 41. Ng4 Bd4 0-1

[Event "Peer Gynt Open"]
[Site "Gausdal NOR"]
[Date "2000.08.03"]
[EventDate "2000.07.31"]
[Round "6"]
[Result "1/2-1/2"]
[White "Reidar Kristiansen"]
[Black "Magnus Carlsen"]
[WhiteElo "1376"]
[BlackElo "904"]
[PlyCount "75"]

1. e4 c5 2. Nf3 d6 3. d4 cxd4 4. Nxd4 Nf6 5. Nc3 g6 6. Be2 Bg7
7. O-O O-O 8. Be3 Nc6 9. Qd2 Bd7 10. Rad1 Ng4 11. Bxg4 Bxg4
12. f3 Bd7 13. Nce2 Ne5 14. h3 b5 15. Bh6 a6 16. Bxg7 Kxg7
17. Kh1 Qb6 18. Qe3 Rab8 19. Qg5 f6 20. Qg3 Kh8 21. f4 Nc6
22. f5 Rg8 23. Qe3 Nxd4 24. Qxd4 Qb7 25. fxg6 Rxg6 26. Nf4 Rg7
27. Nd5 Bc6 28. b3 Rg3 29. Rf3 Rg5 30. Rf5 Rbg8 31. Rxg5 Rxg5
32. g4 Re5 33. Kh2 Bxd5 34. exd5 Re2+ 35. Kg3 Rxc2 36. g5 Qc8
37. gxf6 Qg8+ 38. Kh4 1/2-1/2

[Event "Peer Gynt Open"]
[Site "Gausdal NOR"]
[Date "2000.08.03"]
[EventDate "2000.07.31"]
[Round "5"]
[Result "0-1"]
[White "Magnus Carlsen"]
[Black "Lasse Aass"]
[WhiteElo "904"]
[BlackElo "1600"]
[PlyCount "90"]

1. d4 Nf6 2. c4 c5 3. d5 g6 4. Nc3 Bg7 5. e4 d6 6. Be2 O-O
7. Bg5 a6 8. f4 h6 9. Bh4 Qa5 10. Qd2 Re8 11. Nf3 Bg4 12. O-O
Nbd7 13. a4 Bxf3 14. Rxf3 Rab8 15. h3 b5 16. Qc2 bxc4 17. Be1
Qb6 18. Ra2 e6 19. dxe6 Rxe6 20. Bxc4 Re7 21. Nd5 Nxd5
22. Bxd5 Nf6 23. Rb3 Qa7 24. Rxb8+ Qxb8 25. Bc3 Nxd5 26. exd5
Bxc3 27. bxc3 Re1+ 28. Kf2 Qe8 29. Qd2 Re4 30. a5 Qb5 31. Kf3
f5 32. Kf2 Qc4 33. g3 h5 34. h4 g5 35. Qb2 gxf4 36. Qb8+ Kf7
37. Rb2 fxg3+ 38. Kg2 Re7 39. Qxd6 Qxc3 40. Qb6 Qd4 41. Qb3 c4
42. Qc2 Qxd5+ 43. Kxg3 Re3+ 44. Kh2 Qe5+ 45. Kh1 Rh3+ 0-1

[Event "Peer Gynt Open"]
[Site "Gausdal NOR"]
[Date "2000.08.04"]
[EventDate "2000.07.31"]
[Round "7"]
[Result "1-0"]
[White "Magnus Carlsen"]
[Black "Tor Gran Nilssen"]
[WhiteElo "904"]
[BlackElo "1563"]
[PlyCount "45"]

1. Nf3 d5 2. c4 e6 3. d4 Nf6 4. Nc3 Be7 5. Bg5 O-O 6. e3 h6
7. Bh4 b6 8. Bd3 dxc4 9. Bxc4 Bb7 10. O-O Nbd7 11. Rc1 c5
12. dxc5 Nxc5 13. Qxd8 Rfxd8 14. Rfd1 Nce4 15. Nxe4 Bxe4
16. Ba6 Bd5 17. a3 Bd6 18. Bg3 Bxg3 19. hxg3 Ne4 20. b4 Bb3
21. Rd4 Nd6 22. Rc3 Ba4 23. Rcd3 1-0

[Event "Nordstrand Grand Prix Group B"]
[Site "Oslo NOR"]
[Date "2000.08.27"]
[EventDate "2000.08.25"]
[Round "5"]
[Result "1-0"]
[White "Toan Thanh Pham"]
[Black "Magnus Carlsen"]
[WhiteElo "1722"]
[BlackElo "904"]
[PlyCount "65"]

1. e4 c5 2. Nf3 d6 3. d4 cxd4 4. Nxd4 Nf6 5. Nc3 a6 6. Bc4 e6
7. Bb3 b5 8. a3 Be7 9. O-O O-O 10. Kh1 Bb7 11. Qe2 Nc6
12. Nxc6 Bxc6 13. f3 Qc7 14. Bf4 Qb7 15. Rad1 Rfd8 16. Rfe1 a5
17. Bg3 Be8 18. Qe3 a4 19. Ba2 b4 20. axb4 Qxb4 21. f4 a3
22. bxa3 Rxa3 23. Bb3 Ba4 24. Nxa4 Rxa4 25. Bxa4 Qxa4 26. f5
e5 27. Qb3 Ra8 28. Bh4 Qd7 29. Bxf6 Bxf6 30. Qd5 Rd8 31. Rb1
Be7 32. Rb7 Qe8 33. Ra1 1-0

[Event "Nordstrand Grand Prix Group B"]
[Site "Oslo NOR"]
[Date "2000.08.27"]
[EventDate "2000.08.25"]
[Round "4"]
[Result "1-0"]
[White "Magnus Carlsen"]
[Black "Lasse Lie"]
[WhiteElo "904"]
[BlackElo "1679"]
[PlyCount "83"]

1. Nf3 Nf6 2. g3 g6 3. Bg2 Bg7 4. O-O O-O 5. c4 d6 6. Nc3 c6
7. d3 Nbd7 8. Rb1 a5 9. a3 Qc7 10. b4 Ng4 11. Bd2 axb4
12. axb4 Nde5 13. Nxe5 Nxe5 14. Qb3 Be6 15. b5 Rfb8 16. Ra1
Ng4 17. h3 Ne5 18. b6 Qc8 19. Kh2 Nd7 20. Ra7 Bd4 21. Be3 Bxe3
22. fxe3 Ne5 23. Qb4 h5 24. Rfa1 Rxa7 25. bxa7 Ra8 26. Qb6 Kf8
27. Rb1 Ke8 28. d4 Nd7 29. Qxb7 Qxb7 30. Rxb7 Kd8 31. Bxc6 Rc8
32. Rxd7+ Bxd7 33. a8=Q Bxc6 34. Qa5+ Kd7 35. Nd5 Bxd5
36. Qxd5 e6 37. Qb7+ Rc7 38. Qb5+ Ke7 39. c5 dxc5 40. dxc5 e5
41. Qb6 Kd7 42. Qd6+ 1-0

[Event "Asker SK Club Tournament Group A"]
[Site "Asker NOR"]
[Date "2000.09.04"]
[EventDate "2000.09.04"]
[Round "1"]
[Result "1-0"]
[White "Magnus Carlsen"]
[Black "Finn Syvertsen"]
[WhiteElo "904"]
[BlackElo "1231"]
[PlyCount "93"]

1. d4 d5 2. c4 e6 3. Nc3 c6 4. e3 Nf6 5. Nf3 Nbd7 6. Bd3 Nb6
7. c5 Nbd7 8. O-O Be7 9. b4 Ng4 10. h3 Nh6 11. e4 O-O 12. Bxh6
gxh6 13. exd5 exd5 14. Ne5 Nxe5 15. dxe5 Kh8 16. Qc2 Rg8
17. Bxh7 Rg7 18. Bf5 Qg8 19. g3 Rg5 20. Bxc8 Rxc8 21. Rae1 Rh5
22. Kg2 Qg7 23. Qe2 Rg5 24. Qe3 Rg8 25. Qf4 Qg6 26. Ne2 Rf5
27. Qe3 Bg5 28. f4 Be7 29. Kh2 Rh5 30. Qf3 Qf5 31. Ng1 Qg6
32. f5 Rxf5 33. Qe3 Bg5 34. Qe2 Bh4 35. gxh4 Qg3+ 36. Kh1 Rh5
37. Rxf7 Rxh4 38. Qf1 Rxb4 39. Qf6+ Rg7 40. Qxh6+ Kg8
41. Rxg7+ Qxg7 42. Qxg7+ Kxg7 43. e6 Kf8 44. e7+ Ke8 45. Nf3
d4 46. Nh4 d3 47. Nf5 1-0

[Event "Asker SK Club Tournament Group A"]
[Site "Asker NOR"]
[Date "2000.09.11"]
[EventDate "2000.09.04"]
[Round "2"]
[Result "1/2-1/2"]
[White "Eiler Holtermann"]
[Black "Magnus Carlsen"]
[WhiteElo "1558"]
[BlackElo "904"]
[PlyCount "37"]

1. d4 Nf6 2. Nf3 e6 3. c3 b6 4. Nbd2 Bb7 5. Qc2 c5 6. e3 cxd4
7. exd4 Be7 8. Bd3 d6 9. Ne4 Nxe4 10. Bxe4 Bxe4 11. Qxe4 d5
12. Qe2 O-O 13. O-O Nd7 14. Ne5 Nxe5 15. Qxe5 Bf6 16. Qe2 Rc8
17. Bf4 Bg5 18. Qd2 Bxf4 19. Qxf4 1/2-1/2

[Event "Asker SK Club Tournament Group A"]
[Site "Asker NOR"]
[Date "2000.09.18"]
[EventDate "2000.09.04"]
[Round "3"]
[Result "1-0"]
[White "Magnus Carlsen"]
[Black "Rolf Fesche"]
[WhiteElo "904"]
[BlackElo "1504"]
[PlyCount "52"]

1. e4 c5 2. Nf3 Nc6 3. Nc3 e5 4. Bc4 d6 5. d3 Be7 6. Nd5 Be6
7. Nxe7 Qxe7 8. Bg5 Nf6 9. Bxe6 Qxe6 10. O-O O-O 11. Nh4 Nd7
12. Nf5 f6 13. Bh4 Ne7 14. Nxe7+ Qxe7 15. c3 Kh8 16. f3 Rfc8
17. d4 cxd4 18. cxd4 Rc7 19. Be1 Rac8 20. Bc3 Rc4 21. d5 b5
22. Qd2 Nb6 23. Qe2 Na4 24. Bd2 Nxb2 25. Rab1 Na4 26. Rxb5 Rc2
{ and a few more moves} 1-0

[Event "NOR Junior Team Championship"]
[Site "Oslo NOR"]
[Date "2000.09.22"]
[EventDate "2000.09.22"]
[Round "1"]
[Result "1/2-1/2"]
[White "Magnus Carlsen"]
[Black "Geir Sune Tallaksen Ostmoe"]
[WhiteElo "904"]
[BlackElo "2221"]
[PlyCount "79"]

1. d4 Nf6 2. c4 e6 3. Nf3 c5 4. g3 cxd4 5. Nxd4 a6 6. Bg2 Nc6
7. O-O Be7 8. b3 O-O 9. Bb2 Qc7 10. Nc3 d6 11. Rc1 Bd7 12. Nd5
exd5 13. cxd5 Nxd5 14. Bxd5 Rac8 15. a3 Qa5 16. Bg2 Nxd4
17. Bxd4 d5 18. Bb2 Rxc1 19. Bxc1 Be6 20. b4 Qb5 21. e3 Rc8
22. f4 f5 23. g4 Rd8 24. g5 Qb6 25. Qd2 d4 26. exd4 Rxd4
27. Qf2 Qd8 28. Bxb7 Bc4 29. Re1 Rd7 30. Bf3 Bd5 31. Bxd5+
Rxd5 32. Qa2 Kf8 33. Be3 a5 34. bxa5 Rxa5 35. a4 Qd3 36. Bf2
Qd7 37. Rb1 Qd5 38. Qxd5 Rxd5 39. Rb5 Rd1+ 40. Kg2 1/2-1/2

[Event "NOR Junior Team Championship"]
[Site "Oslo NOR"]
[Date "2000.09.23"]
[EventDate "2000.09.22"]
[Round "3"]
[Result "0-1"]
[White "Erik Eikeland"]
[Black "Magnus Carlsen"]
[WhiteElo "1602"]
[BlackElo "904"]
[PlyCount "48"]

1. e4 c5 2. Nf3 d6 3. d4 cxd4 4. Nxd4 Nf6 5. f3 Nc6 6. c4 e5
7. Nc2 Nxe4 8. fxe4 Qh4+ 9. Kd2 Qxe4 10. Qf3 Qh4 11. Be2 Be6
12. Nba3 O-O-O 13. g3 Qe7 14. b4 d5 15. c5 e4 16. Qf1 d4
17. Bc4 d3 18. Ne3 Nd4 19. Bxe6+ Qxe6 20. Nac4 Nf3+ 21. Kd1
Be7 22. Nd2 Bf6 23. Rb1 Qxa2 24. Nec4 Qc2# 0-1

[Event "NOR Junior Team Championship"]
[Site "Oslo NOR"]
[Date "2000.09.23"]
[EventDate "2000.09.22"]
[Round "2"]
[Result "1/2-1/2"]
[White "Magnus Carlsen"]
[Black "Stale Sending"]
[WhiteElo "904"]
[BlackElo "1553"]
[PlyCount "47"]

1. d4 Nf6 2. Bg5 d6 3. Nf3 g6 4. c4 Bg7 5. Nc3 O-O 6. e4 e5
7. dxe5 dxe5 8. Qxd8 Rxd8 9. Nd5 Nbd7 10. Nxc7 Rb8 11. Nd5 b6
12. Nxf6+ Nxf6 13. Bxf6 Bxf6 14. Be2 Be6 15. O-O Rbc8 16. b3
Rc7 17. Rfd1 Rcd7 18. Rxd7 Rxd7 19. Rd1 Rxd1+ 20. Bxd1 Bg4
21. h3 Bxf3 22. Bxf3 Be7 23. Bg4 a5 24. Bc8 1/2-1/2

[Event "NOR Junior Team Championship"]
[Site "Oslo NOR"]
[Date "2000.09.24"]
[EventDate "2000.09.22"]
[Round "6"]
[Result "1-0"]
[White "Magnus Carlsen"]
[Black "Martin Wold Lund"]
[WhiteElo "904"]
[BlackElo "1570"]
[PlyCount "59"]

1. d4 Nf6 2. c4 g6 3. Nc3 Bg7 4. e4 O-O 5. e5 Ne8 6. f4 d6
7. Nf3 dxe5 8. fxe5 c5 9. d5 Bg4 10. Bf4 Nd7 11. Be2 Bxf3
12. Bxf3 Nxe5 13. Be2 Nd6 14. Qb3 Qd7 15. O-O Nf5 16. Rae1 Nd4
17. Qd1 Nxe2+ 18. Qxe2 Ng4 19. h3 Nh6 20. Qxe7 Qxe7 21. Rxe7
b6 22. d6 Nf5 23. Rb7 Rfd8 24. Ne4 Nd4 25. Bg5 Re8 26. Rfxf7
Nf5 27. Nf6+ Bxf6 28. Bxf6 Nxd6 29. Rg7+ Kf8 30. Rbd7 1-0

[Event "NOR Junior Team Championship"]
[Site "Oslo NOR"]
[Date "2000.09.24"]
[EventDate "2000.09.22"]
[Round "5"]
[Result "1/2-1/2"]
[White "Magnus Carlsen"]
[Black "Silje Bjerke"]
[WhiteElo "904"]
[BlackElo "2071"]
[PlyCount "50"]

1. d4 d5 2. Bg5 c6 3. Nf3 Bf5 4. e3 Nd7 5. Bd3 Bxd3 6. Qxd3
Ngf6 7. c4 e6 8. Nc3 Be7 9. O-O O-O 10. e4 dxe4 11. Nxe4 Nxe4
12. Bxe7 Qxe7 13. Qxe4 Rad8 14. Rfd1 Rfe8 15. h3 Nb6 16. b3
Nc8 17. Ne5 Nd6 18. Qg4 Nf5 19. Qf4 Qc7 20. g4 Nh6 21. Nd3
Qxf4 22. Nxf4 f6 23. d5 cxd5 24. cxd5 exd5 25. Nxd5 Rc8
1/2-1/2

[Event "Asker SK Club Tournament Group A"]
[Site "Asker NOR"]
[Date "2000.10.09"]
[EventDate "2000.09.04"]
[Round "5"]
[Result "1/2-1/2"]
[White "Eivind Lilleseth"]
[Black "Magnus Carlsen"]
[WhiteElo "1441"]
[BlackElo "1323"]
[PlyCount "89"]

1. f4 Nf6 2. Nf3 g6 3. b3 Bg7 4. Bb2 O-O 5. e3 d6 6. d3 Nc6
7. Qe2 e5 8. fxe5 Ng4 9. Nbd2 Ngxe5 10. O-O-O Re8 11. h3 a5
12. d4 Nxf3 13. gxf3 Nxd4 14. Qd3 Nf5 15. e4 Bxb2+ 16. Kxb2
Qf6+ 17. Qc3 Qxc3+ 18. Kxc3 Ng3 19. Rh2 f5 20. Bd3 fxe4
21. fxe4 Nh5 22. Rf1 Bd7 23. a3 Rf8 24. h4 Rxf1 25. Nxf1 Re8
26. Nd2 Bc6 27. Kd4 Ng7 28. Rf2 Ne6+ 29. Kc4 b5+ 30. Kc3 Nc5
31. Rf4 Ne6 32. Rg4 Kf7 33. Nf3 h5 34. Rg3 Nc5 35. Ng5+ Kg7
36. Kd4 Ne6+ 37. Nxe6+ Rxe6 38. Rg5 Kf6 39. c4 bxc4 40. bxc4
a4 41. Ke3 Re5 42. Kf4 Rxg5 43. hxg5+ Ke6 44. Bc2 Be8 45. Bd1
1/2-1/2

[Event "Stjernen Grand Prix Group A"]
[Site "Oslo NOR"]
[Date "2000.10.13"]
[EventDate "2000.10.13"]
[Round "1"]
[Result "1-0"]
[White "Magnus Carlsen"]
[Black "Mikhail Lilleoren"]
[WhiteElo "1323"]
[BlackElo "1525"]
[PlyCount "53"]

1. d4 Nf6 2. Bg5 d6 3. Nf3 g6 4. c4 Bg7 5. Nc3 O-O 6. e4 h6
7. Bh4 Kh7 8. Be2 Re8 9. O-O Nbd7 10. Qc2 e5 11. dxe5 Nxe5
12. Nxe5 Rxe5 13. Rad1 Qe8 14. f4 Re7 15. Bxf6 Bxf6 16. Nd5
Kg7 17. Nxf6 Kxf6 18. Qc3+ Ke6 19. Bg4+ f5 20. exf5+ Kf7
21. fxg6+ Kxg6 22. f5+ Kg5 23. Qd2+ Kxg4 24. Qf4+ Kh5 25. g4+
Kh4 26. Qxh6+ Qh5 27. Qxh5# 1-0

[Event "Stjernen Grand Prix Group A"]
[Site "Oslo NOR"]
[Date "2000.10.14"]
[EventDate "2000.10.13"]
[Round "3"]
[Result "1-0"]
[White "Endre Dalsrud"]
[Black "Magnus Carlsen"]
[WhiteElo "1545"]
[BlackElo "1323"]
[PlyCount "45"]

1. e4 c5 2. Nf3 d6 3. d4 cxd4 4. Nxd4 Nf6 5. Nc3 a6 6. Bc4 e6
7. Bb3 b5 8. O-O b4 9. Na4 Nxe4 10. Re1 d5 11. f3 Nc5 12. f4
Nxb3 13. axb3 Be7 14. f5 exf5 15. Bg5 Ra7 16. Qe2 h6 17. Bf4
Rc7 18. Bxc7 Qxc7 19. Kh1 Kf8 20. Nb6 Bb7 21. Nxf5 Qxb6
22. Qxe7+ Kg8 23. Nd6 1-0

[Event "Stjernen Grand Prix Group A"]
[Site "Oslo NOR"]
[Date "2000.10.15"]
[EventDate "2000.10.13"]
[Round "5"]
[Result "1/2-1/2"]
[White "Roar E Flaten"]
[Black "Magnus Carlsen"]
[WhiteElo "1976"]
[BlackElo "1323"]
[PlyCount "67"]

1. e4 c5 2. Nf3 d6 3. c3 Nf6 4. Be2 g6 5. Qc2 Bg7 6. d4 cxd4
7. cxd4 O-O 8. Nc3 Nc6 9. O-O d5 10. e5 Bf5 11. Qb3 Na5
12. Qd1 Ne4 13. Nxe4 dxe4 14. Ne1 Nc6 15. Be3 Nb4 16. Qb3 Nd5
17. Bc4 Nxe3 18. Qxe3 Rc8 19. Bb3 Qd7 20. f3 exf3 21. Nxf3 Bc2
22. Bxf7+ Kh8 23. Bb3 Bxb3 24. Qxb3 b6 25. Rad1 Rcd8 26. d5
Rf5 27. Rfe1 Qc7 28. Qd3 Bxe5 29. Nxe5 Rxe5 30. Qd4 Rdxd5
31. Qf2 Rxe1+ 32. Rxe1 Rf5 33. Qe3 e5 34. Rc1 1/2-1/2

[Event "Stjernen Grand Prix Group A"]
[Site "Oslo NOR"]
[Date "2000.10.15"]
[EventDate "2000.10.13"]
[Round "4"]
[Result "1-0"]
[White "Magnus Carlsen"]
[Black "Terje Nilsen"]
[WhiteElo "1323"]
[BlackElo "1603"]
[PlyCount "73"]

1. d4 Nf6 2. c4 e6 3. Nf3 Bb4+ 4. Bd2 Qe7 5. Nc3 a5 6. Qc2 b6
7. e4 Bb7 8. Bd3 d6 9. a3 Bxc3 10. Bxc3 a4 11. O-O-O Nbd7
12. Rhg1 e5 13. g4 c5 14. d5 Bc8 15. Rg2 Nf8 16. Rdg1 Ng6
17. Bd2 Qb7 18. h4 h5 19. gxh5 Nxh5 20. Ng5 Nhf4 21. Bxf4 Nxf4
22. Rh2 g6 23. Be2 Qe7 24. h5 f6 25. Nf3 gxh5 26. Nh4 Bd7
27. Bxh5+ Nxh5 28. Ng6 Qg7 29. Rgg2 Qh6+ 30. Kb1 Rg8 31. Qd1
Rxg6 32. Rxh5 Qg7 33. Rxg6 Qxg6 34. Rh8+ Ke7 35. Rxa8 Qxe4+
36. Qc2 Qg4 37. Qh7+ 1-0

[Event "IV Offene Bayerische Meisterschaft"]
[Site "Bad Wiessee GER"]
[Date "2000.10.28"]
[EventDate "2000.10.28"]
[Round "1"]
[Result "0-1"]
[White "Klaus Gschwendtner"]
[Black "Magnus Carlsen"]
[WhiteElo "2138"]
[BlackElo "1323"]
[PlyCount "70"]

1. e4 e5 2. Nf3 Nc6 3. Nc3 Nf6 4. d4 exd4 5. Nxd4 d6 6. Nxc6
bxc6 7. Bd3 Be7 8. O-O O-O 9. Qf3 Nd7 10. b3 Nc5 11. Qe2 Bf6
12. Bb2 Re8 13. f4 Nxd3 14. Qxd3 a5 15. Na4 Bxb2 16. Nxb2 Ba6
17. c4 Qf6 18. Na4 Re7 19. Rae1 Rae8 20. Qd2 Rxe4 21. Rxe4
Rxe4 22. Qxa5 Qd4+ 23. Kh1 Rxf4 24. Rg1 Bb7 25. Qxc7 g6
26. Qxb7 Rh4 27. Rf1 Rf4 28. Rg1 Rh4 29. Qc8+ Kg7 30. h3 Qe4
31. Kh2 Qe5+ 32. g3 f5 33. Qd7+ Kh6 34. Qxc6 Qe2+ 35. Qg2
Rxh3+ 0-1

[Event "IV Offene Bayerische Meisterschaft"]
[Site "Bad Wiessee GER"]
[Date "2000.11.02"]
[EventDate "2000.10.28"]
[Round "6"]
[Result "0-1"]
[White "Magnus Carlsen"]
[Black "Hagen Oettinger"]
[WhiteElo "1323"]
[BlackElo "2159"]
[PlyCount "58"]

1. e4 Nf6 2. e5 Nd5 3. d4 d6 4. Nf3 g6 5. c4 Nb6 6. Nc3 Bg7
7. exd6 cxd6 8. Be3 Nc6 9. d5 Ne5 10. Nxe5 Bxe5 11. Bd4 Bxd4
12. Qxd4 O-O 13. Be2 Qd7 14. a4 Qf5 15. O-O Nd7 16. f4 Qf6
17. Qd2 Nc5 18. Ra3 a5 19. Bd1 Bf5 20. Bc2 Bxc2 21. Qxc2 Qd4+
22. Qf2 Qxc4 23. Qe3 Rae8 24. Rd1 e5 25. fxe5 Rxe5 26. Qd4
Re1+ 27. Kf2 Qf1+ 28. Kg3 Rfe8 29. Raa1 R8e3+ 0-1